[Event "Nordic School-chT"]
[Site "Helsinki"]
[Date "2013.09.14"]
[Round "3.1"]
[White "Ranaldi, Lucas"]
[Black "Pihlman, Joni"]
[Result "1-0"]
[WhiteElo "1721"]
[BlackElo "1429"]
[PlyCount "77"]
[EventDate "2013.09.13"]
[EventType "team-tourn"]
[EventRounds "5"]
[EventCountry "FIN"]
[SourceTitle "EXT 2022"]
[Source "ChessBase"]
[SourceDate "2021.10.06"]
[SourceVersion "1"]
[SourceVersionDate "2021.10.06"]
[SourceQuality "1"]
[WhiteTeam "Stavanger Lassa Skola"]
[BlackTeam "Espoo Meritorin"]
[WhiteTeamCountry "NOR"]
[BlackTeamCountry "FIN"]

1. d4 Nf6 2. c4 e6 3. Nc3 Bb4 4. Qc2 d5 5. a3 Be7 6. Bg5 dxc4 7. e3 0-0 8. Bxc4 h6 9. Bh4 b6 10. Nge2 Bb7 11. 0-0 a6 12. Rfd1 Nd5 13. Bxd5 exd5 14. Bxe7 Qxe7 15. Rac1 Nd7 16. Nf4 Nf6 17. Nce2 Rac8 18. Ng3 Rfe8 19. Nd3 Ng4 20. h3 Nxe3 21. fxe3 Qxe3+ 22. Qf2 Qg5 23. Re1 c5 24. dxc5 d4 25. Rxe8+ Rxe8 26. c6 Bc8 27. Re1 Re6 28. Rxe6 Bxe6 29. c7 Qg6 30. Qf3 Bc8 31. Kh2 Qd6 32. Qf4 Qd5 33. Qe5 Qd7 34. Ne4 a5 35. Kh1 Kf8 36. Qd6+ Qe7 37. Qd8+ Qe8 38. Nd6 Qxd8 39. cxd8Q# 1-0